<?xml version="1.0" encoding="UTF-8"?>
<record
    xmlns:xsi="http://www.w3.org/2001/XMLSchema-instance"
    xsi:schemaLocation="http://www.loc.gov/MARC21/slim http://www.loc.gov/standards/marcxml/schema/MARC21slim.xsd"
    xmlns="http://www.loc.gov/MARC21/slim">

  <leader>02021ngm a22004697a 4500</leader>
  <controlfield tag="005">20160802142004.0</controlfield>
  <controlfield tag="007">vc aa  ak</controlfield>
  <controlfield tag="008">160802s1982    mx 157|| |||| s0| mleng d</controlfield>
  <datafield tag="028" ind1=" " ind2=" ">
    <subfield code="a">506036013951</subfield>
  </datafield>
  <datafield tag="050" ind1="0" ind2="4">
    <subfield code="a">PN1995.9.O65 </subfield>
    <subfield code="b">F59 [200-?]</subfield>
  </datafield>
  <datafield tag="100" ind1="1" ind2=" ">
    <subfield code="a">Werner Herzog</subfield>
  </datafield>
  <datafield tag="245" ind1="1" ind2="0">
    <subfield code="a">Fitzcarraldo</subfield>
    <subfield code="c">/ de Werner Herzog.</subfield>
    <subfield code="h">[videograbaci&#xF3;n]   </subfield>
  </datafield>
  <datafield tag="260" ind1=" " ind2=" ">
    <subfield code="a">M&#xE9;xico D.F. :</subfield>
    <subfield code="b">Zima Entertainment,</subfield>
    <subfield code="c">[200-?]</subfield>
  </datafield>
  <datafield tag="300" ind1=" " ind2=" ">
    <subfield code="a">1 videodisco (157 min.) : </subfield>
    <subfield code="b">sonido., color.</subfield>
    <subfield code="c">43/4plg.</subfield>
  </datafield>
  <datafield tag="500" ind1=" " ind2=" ">
    <subfield code="a">	Exhibida en cines en 1982.</subfield>
  </datafield>
  <datafield tag="508" ind1=" " ind2=" ">
    <subfield code="a">Direcci&#xF3;n, Gui&#xF3;n: Werner Herzog,Producci&#xF3;n. Renzo Rossellini,Walter Saxer,Willi Segler,Lucki Stipetic,M&#xFA;sicaPopol Vuh,Sonido,Juarez Dagoberto Costa,Zez&#xE9; d'Alice
</subfield>
  </datafield>
  <datafield tag="511" ind1=" " ind2=" ">
    <subfield code="a">Protagonistas:	Klaus Kinski,Claudia Cardinale,Miguel &#xC1;ngel Fuentes,Paul Hittscher,Jos&#xE9; Lewgoy</subfield>
  </datafield>
  <datafield tag="520" ind1=" " ind2=" ">
    <subfield code="a">En los principios del siglo XX Brian S. Fitzgerald (K. Kinski); un hombre de negocios, sue&#xF1;a con llevar la &#xF3;pera a la remota ciudad de Iquitos en la selva del Per&#xFA;. Su idea es "civilizar" esa tierra salvaje con la cultura europea.</subfield>
  </datafield>
  <datafield tag="521" ind1=" " ind2=" ">
    <subfield code="a">"B"</subfield>
  </datafield>
  <datafield tag="538" ind1=" " ind2=" ">
    <subfield code="a">estereo 2.0 (Dolby-Digital)</subfield>
  </datafield>
  <datafield tag="546" ind1=" " ind2=" ">
    <subfield code="a">	En ingl&#xE9;s con subt&#xED;tulos opcionales en castellano.</subfield>
  </datafield>
  <datafield tag="586" ind1=" " ind2=" ">
    <subfield code="a">	Festival de Cannes, 1982: Mejor director.</subfield>
  </datafield>
  <datafield tag="650" ind1="0" ind2="4">
    <subfield code="a">Cine alem&#xE1;n.</subfield>
  </datafield>
  <datafield tag="650" ind1="0" ind2="4">
    <subfield code="a">Cine europeo.</subfield>
  </datafield>
  <datafield tag="650" ind1="0" ind2="4">
    <subfield code="a">&#xD3;pera </subfield>
    <subfield code="x">Iquitos.</subfield>
    <subfield code="z"> Per&#xFA;</subfield>
  </datafield>
  <datafield tag="650" ind1="0" ind2="4">
    <subfield code="a">Europeos en Per&#xFA;.</subfield>
  </datafield>
  <datafield tag="650" ind1="0" ind2="4">
    <subfield code="a">Indios de Am&#xE9;rica del Sur </subfield>
    <subfield code="z">Per&#xFA;.</subfield>
  </datafield>
  <datafield tag="700" ind1="1" ind2=" ">
    <subfield code="a">Werner Herzog</subfield>
    <subfield code="e">Direcci&#xF3;n y Producci&#xF3;n</subfield>
  </datafield>
  <datafield tag="700" ind1="1" ind2=" ">
    <subfield code="4">Renzo Rossellini,</subfield>
    <subfield code="e">Producci&#xF3;n</subfield>
  </datafield>
  <datafield tag="700" ind1="1" ind2=" ">
    <subfield code="a">Walter Saxer,</subfield>
    <subfield code="e">Producci&#xF3;n</subfield>
  </datafield>
  <datafield tag="700" ind1="1" ind2=" ">
    <subfield code="a">Willi Segler,</subfield>
    <subfield code="e">Producci&#xF3;n</subfield>
  </datafield>
  <datafield tag="700" ind1="1" ind2=" ">
    <subfield code="a">Lucki Stipetic</subfield>
    <subfield code="e">Producci&#xF3;n</subfield>
  </datafield>
  <datafield tag="700" ind1="1" ind2=" ">
    <subfield code="a">Werner Herzog</subfield>
    <subfield code="e">Guion</subfield>
  </datafield>
  <datafield tag="700" ind1="1" ind2=" ">
    <subfield code="a">Juarez Dagoberto Costa </subfield>
    <subfield code="e">Sonido	</subfield>
  </datafield>
  <datafield tag="700" ind1="1" ind2=" ">
    <subfield code="a">Zez&#xE9; d'Alice</subfield>
    <subfield code="e">Sonido	</subfield>
  </datafield>
  <datafield tag="700" ind1="1" ind2=" ">
    <subfield code="a">Klaus Kinski</subfield>
    <subfield code="e">Actor</subfield>
  </datafield>
  <datafield tag="700" ind1="1" ind2=" ">
    <subfield code="a"> Miguel &#xC1;ngel Fuentes</subfield>
    <subfield code="e">Actor</subfield>
  </datafield>
  <datafield tag="700" ind1="1" ind2=" ">
    <subfield code="a"> Paul Hittscher</subfield>
    <subfield code="e">Actor</subfield>
  </datafield>
  <datafield tag="700" ind1="1" ind2=" ">
    <subfield code="a"> Jos&#xE9; Lewgoy</subfield>
    <subfield code="e">Actor</subfield>
  </datafield>
  <datafield tag="700" ind1="1" ind2=" ">
    <subfield code="a"> Claudia Cardinale</subfield>
    <subfield code="e">Actor</subfield>
  </datafield>
  <datafield tag="942" ind1=" " ind2=" ">
    <subfield code="2">lcc</subfield>
    <subfield code="c">PEL</subfield>
  </datafield>
  <datafield tag="999" ind1=" " ind2=" ">
    <subfield code="c">118749</subfield>
    <subfield code="d">118749</subfield>
  </datafield>
  <datafield tag="952" ind1=" " ind2=" ">
    <subfield code="0">0</subfield>
    <subfield code="1">0</subfield>
    <subfield code="2">lcc</subfield>
    <subfield code="4">0</subfield>
    <subfield code="7">0</subfield>
    <subfield code="a">LIC-047</subfield>
    <subfield code="b">LIC-047</subfield>
    <subfield code="c">MA</subfield>
    <subfield code="d">2016-08-02</subfield>
    <subfield code="h">VBFP000162</subfield>
    <subfield code="o">PN1995.9.O65 F59 [200-?]</subfield>
    <subfield code="p">VBFP000162</subfield>
    <subfield code="r">2016-08-02 00:00:00</subfield>
    <subfield code="t">1</subfield>
    <subfield code="w">2016-08-02</subfield>
    <subfield code="y">PEL</subfield>
  </datafield>
</record>
